[Event "Online Olym Disabilities"]
[Site "Tornelo INT"]
[Date "2020.11.26"]
[Round "6.20"]
[White "Ramirez Ramirez, Anderson"]
[Black "Mikhalionak, Alena"]
[Result "1-0"]
[WhiteElo "1542"]
[BlackElo "1508"]
[PlyCount "87"]
[EventDate "2020.11.21"]
[EventType "team-swiss (rapid)"]
[EventRounds "7"]
[EventCountry "NET"]
[SourceTitle "CBM 199 Extra"]
[Source "ChessBase"]
[SourceDate "2021.01.31"]
[SourceVersion "1"]
[SourceVersionDate "2021.01.31"]
[SourceQuality "1"]
[WhiteTeam "Colombia II"]
[BlackTeam "Belarus"]
[WhiteTeamCountry "COL"]
[BlackTeamCountry "BLR"]

1. d4 Nf6 2. c4 g6 3. Nc3 d5 4. Nf3 Bg7 5. e3 0-0 6. h3 c6 7. cxd5 Nxd5 8. Bc4 Nxc3 9. bxc3 c5 10. 0-0 Qc7 11. Bd3 Nd7 12. Ba3 b6 13. Be4 Rb8 14. Rc1 Rd8 15. Qe2 Bb7 16. Bxb7 Rxb7 17. c4 e6 18. Rfd1 Rbb8 19. Ng5 Nf6 20. Qf3 h6 21. Ne4 Nxe4 22. Qxe4 Bf8 23. d5 exd5 24. cxd5 Qd6 25. Qc4 Bg7 26. Rd3 Kh7 27. e4 Re8 28. Rf3 Kg8 29. Rd1 Rbc8 30. Bc1 Rcd8 31. Bf4 Qd7 32. Bh2 Be5 33. Re3 Bxh2+ 34. Kxh2 Qd6+ 35. g3 Qf6 36. f4 Qg7 37. e5 f5 38. d6+ Kh7 39. e6 Qf6 40. Qd5 h5 41. Re5 Kh6 42. h4 Qg7 43. e7 Rd7 44. Qe6 1-0

[Event "COL-chT rapid Online"]
[Site "Chess.com INT"]
[Date "2020.09.19"]
[Round "2.5"]
[White "Caballero Marrugo, David Jose"]
[Black "Ramirez Ramirez, Anderson"]
[Result "1/2-1/2"]
[WhiteElo "1520"]
[BlackElo "1664"]
[PlyCount "84"]
[EventDate "2020.09.19"]
[EventType "team-tourn (rapid)"]
[EventRounds "5"]
[EventCountry "COL"]
[SourceTitle "CBM 198 Extra"]
[Source "ChessBase"]
[SourceDate "2020.11.30"]
[SourceVersion "1"]
[SourceVersionDate "2020.11.30"]
[SourceQuality "1"]
[WhiteTeam "Bolivar"]
[BlackTeam "Caqueta"]
[WhiteTeamCountry "COL"]
[BlackTeamCountry "COL"]

1. b3 Nf6 2. Bb2 e6 3. e3 d5 4. f4 Be7 5. Nf3 0-0 6. Be2 c5 7. 0-0 Nc6 8. Bb5 Ne4 9. Bxc6 bxc6 10. Ne5 Qc7 11. d3 Nd6 12. Qg4 f6 13. Nf3 e5 14. Qg3 Nf5 15. Qe1 exf4 16. exf4 Qxf4 17. Bc1 Qc7 18. Nc3 Bd6 19. Kh1 Bd7 20. Bd2 Nd4 21. Nxd4 cxd4 22. Ne2 c5 23. Qf2 Rae8 24. Rae1 Bg4 25. Nf4 Rxe1 26. Rxe1 Qc6 27. Qg3 Bh5 28. Qh3 Bf7 29. Qg4 Re8 30. Ne6 Bf8 31. Nxf8 Rxe1+ 32. Bxe1 Kxf8 33. Bg3 c4 34. Qxd4 cxb3 35. Qb4+ Kg8 36. axb3 h5 37. Qb8+ Kh7 38. Qc7 Qxc7 39. Bxc7 a6 40. Kg1 Kg6 41. Kf2 Kf5 42. Kf3 Be8 1/2-1/2

[Event "COL-ch Deaf 5th"]
[Site "Cartagena"]
[Date "2019.12.05"]
[Round "5.1"]
[White "Mesa, Francisco Alonso Jr"]
[Black "Ramirez Ramirez, Anderson"]
[Result "1/2-1/2"]
[WhiteElo "1829"]
[BlackElo "1542"]
[PlyCount "94"]
[EventDate "2019.12.03"]
[EventType "swiss"]
[EventRounds "7"]
[EventCountry "COL"]
[SourceTitle "EXT 2024"]
[Source "ChessBase"]
[SourceDate "2023.10.10"]
[SourceVersion "1"]
[SourceVersionDate "2023.10.10"]
[SourceQuality "1"]

1. e4 e6 2. d4 d5 3. Bd3 dxe4 4. Bxe4 Nf6 5. Bf3 c5 6. Ne2 Nc6 7. Be3 Qb6 8. b3 cxd4 9. Nxd4 Nxd4 10. Qxd4 Qxd4 11. Bxd4 Be7 12. c4 0-0 13. Ke2 Re8 14. Nc3 e5 15. Be3 a6 16. Rad1 Kf8 17. Bd5 e4 18. h3 Bb4 19. Bd4 Bxc3 20. Bxc3 Nxd5 21. Rxd5 b5 22. c5 Be6 23. Rd6 a5 24. Rb6 a4 25. Rxb5 axb3 26. axb3 Ra2+ 27. Ke3 Rc2 28. Bd4 f5 29. g3 Ra8 30. Kf4 h6 31. h4 Ra3 32. Rb8+ Ke7 33. Rb7+ Kd8 34. b4 Bd5 35. Rxg7 e3 36. Rf1 e2 37. Re1 Rd3 38. Bf6+ Kc8 39. Re7 Be4 40. Ra1 Rf3+ 41. Ke5 Rxf2 42. Raa7 Bb7 43. Re8+ Kc7 44. Re7+ Kc6 45. Re6+ Kb5 46. Rxb7+ Kc4 47. Kd6 Rc1 1/2-1/2

[Event "COL-ch Deaf 5th"]
[Site "Cartagena"]
[Date "2019.12.04"]
[Round "4.2"]
[White "Ramirez Ramirez, Anderson"]
[Black "Ortega Moran, Helmer Andres"]
[Result "1/2-1/2"]
[WhiteElo "1542"]
[BlackElo "1779"]
[PlyCount "62"]
[EventDate "2019.12.03"]
[EventType "swiss"]
[EventRounds "7"]
[EventCountry "COL"]
[SourceTitle "EXT 2024"]
[Source "ChessBase"]
[SourceDate "2023.10.10"]
[SourceVersion "1"]
[SourceVersionDate "2023.10.10"]
[SourceQuality "1"]

1. e4 e5 2. Nf3 Nc6 3. Bb5 a6 4. Ba4 Nf6 5. d3 b5 6. Bb3 Be7 7. 0-0 0-0 8. Nc3 d6 9. Bg5 Nd4 10. Nxd4 exd4 11. Ne2 c5 12. Bxf6 Bxf6 13. Bd5 Rb8 14. f4 Be6 15. Bxe6 fxe6 16. Ng3 g6 17. Qg4 Qe7 18. f5 exf5 19. exf5 Qe3+ 20. Kh1 Qg5 21. Qxg5 Bxg5 22. fxg6 hxg6 23. Ne4 Bf4 24. g3 Be5 25. Kg2 a5 26. Rxf8+ Rxf8 27. Rf1 Rxf1 28. Kxf1 c4 29. Ke2 d5 30. Nc5 Kf7 31. a4 b4 1/2-1/2

[Event "COL-ch Deaf 5th"]
[Site "Cartagena"]
[Date "2019.12.03"]
[Round "2.4"]
[White "Hurtado, Jose Wilson"]
[Black "Ramirez Ramirez, Anderson"]
[Result "0-1"]
[WhiteElo "1392"]
[BlackElo "1542"]
[PlyCount "78"]
[EventDate "2019.12.03"]
[EventType "swiss"]
[EventRounds "7"]
[EventCountry "COL"]
[SourceTitle "EXT 2024"]
[Source "ChessBase"]
[SourceDate "2023.10.10"]
[SourceVersion "1"]
[SourceVersionDate "2023.10.10"]
[SourceQuality "1"]

1. e4 e6 2. Nf3 d5 3. exd5 exd5 4. d4 Be7 5. Bd3 Nf6 6. Bf4 0-0 7. 0-0 Nc6 8. c3 Bg4 9. Nbd2 Bd6 10. Bg3 Ne7 11. h3 Bh5 12. Be5 Bxe5 13. dxe5 Nd7 14. Re1 Nc5 15. Bc2 Ne6 16. Qb1 Bg6 17. Bxg6 hxg6 18. Qd1 c5 19. Qe2 Qb6 20. Rab1 Rfd8 21. Red1 Rac8 22. Nf1 Qc6 23. Rd2 Kf8 24. Rbd1 b5 25. g4 Rd7 26. Qe3 Rcd8 27. Ng5 a6 28. Ng3 Nxg5 29. Qxg5 d4 30. cxd4 Rxd4 31. h4 Qf3 32. Rxd4 Rxd4 33. Rxd4 cxd4 34. h5 d3 35. h6 gxh6 36. Qxh6+ Ke8 37. Qd2 Nd5 38. Nf1 Nf4 39. Ne3 Ne2+ 0-1

[Event "Pan American-ch School U15"]
[Site "Medellin"]
[Date "2019.11.17"]
[Round "9"]
[White "Perez Rivero, Juan Jose"]
[Black "Ramirez Ramirez, Anderson"]
[Result "0-1"]
[WhiteElo "1826"]
[BlackElo "1541"]
[PlyCount "60"]
[EventDate "2019.11.12"]
[EventType "swiss"]
[EventRounds "9"]
[EventCountry "COL"]
[SourceTitle "CBM 193 Extra"]
[Source "ChessBase"]
[SourceDate "2020.01.31"]
[SourceVersion "1"]
[SourceVersionDate "2020.01.31"]
[SourceQuality "1"]

1. Nf3 d5 2. g3 g6 3. Bg2 Bg7 4. d4 Nf6 5. 0-0 0-0 6. c4 e6 7. Nc3 b6 8. Qc2 Bb7 9. Rd1 Nbd7 10. Bf4 Rc8 11. Rac1 a6 12. Ne5 c6 13. e4 Nh5 14. Nxd7 Qxd7 15. Be3 f5 16. Na4 Qd8 17. exd5 cxd5 18. Qb3 dxc4 19. Qxb6 Bxg2 20. Kxg2 f4 21. gxf4 Nxf4+ 22. Bxf4 Rxf4 23. Rxc4 Qg5+ 24. Kf1 Rcf8 25. Rd2 Qh4 26. Qxe6+ Kh8 27. Qe3 Qxh2 28. Ke2 Qh5+ 29. Ke1 Qh1+ 30. Ke2 Re4 0-1

[Event "Pan American-ch School U15"]
[Site "Medellin"]
[Date "2019.11.16"]
[Round "8"]
[White "Ruiz Zurita, Cesar Josaya"]
[Black "Ramirez Ramirez, Anderson"]
[Result "0-1"]
[WhiteElo "1394"]
[BlackElo "1541"]
[PlyCount "50"]
[EventDate "2019.11.12"]
[EventType "swiss"]
[EventRounds "9"]
[EventCountry "COL"]
[SourceTitle "CBM 193 Extra"]
[Source "ChessBase"]
[SourceDate "2020.01.31"]
[SourceVersion "1"]
[SourceVersionDate "2020.01.31"]
[SourceQuality "1"]

1. g3 e5 2. Bg2 Nc6 3. e4 Nf6 4. Nc3 Bc5 5. Nge2 d6 6. 0-0 0-0 7. Na4 Bb6 8. Nxb6 axb6 9. c3 d5 10. exd5 Nxd5 11. d4 exd4 12. Nxd4 Nxd4 13. Qxd4 Ne7 14. Qe4 Ng6 15. Re1 Ra5 16. Bf4 Nxf4 17. Qxf4 Rf5 18. Qe3 c6 19. Rad1 Qf6 20. Bh3 Rf3 21. Qxb6 Bxh3 22. Rd2 Rxc3 23. Qb4 Rf3 24. Qxb7 Rf5 25. a4 Rd5 0-1

[Event "Pan American-ch School U15"]
[Site "Medellin"]
[Date "2019.11.14"]
[Round "5"]
[White "Ramirez Ramirez, Anderson"]
[Black "Gonzalez De la Guardia, Luis Emilio"]
[Result "0-1"]
[WhiteElo "1541"]
[BlackElo "1439"]
[PlyCount "68"]
[EventDate "2019.11.12"]
[EventType "swiss"]
[EventRounds "9"]
[EventCountry "COL"]
[SourceTitle "CBM 193 Extra"]
[Source "ChessBase"]
[SourceDate "2020.01.31"]
[SourceVersion "1"]
[SourceVersionDate "2020.01.31"]
[SourceQuality "1"]

1. e4 c5 2. Nf3 d6 3. c3 Nf6 4. d3 e5 5. Be2 Nc6 6. 0-0 Be7 7. a3 0-0 8. b4 b6 9. h3 Bb7 10. Be3 Rc8 11. Nbd2 d5 12. b5 Na5 13. Nxe5 dxe4 14. dxe4 Qc7 15. Ng4 Nxe4 16. Qc2 f5 17. Nh2 Bf6 18. Nxe4 Bxe4 19. Bd3 Bxd3 20. Qxd3 Qe5 21. Rac1 Rfd8 22. Qc2 Nc4 23. Qa2 Qd5 24. Rfd1 Qf7 25. Nf1 Ne5 26. Rxd8+ Rxd8 27. c4 Nd3 28. Rc2 f4 29. Bd2 Qg6 30. Nh2 Bh4 31. Bc3 Ne5 32. Bxe5 Rd1+ 33. Nf1 f3 34. Bg3 Qd3 0-1

[Event "Pan American-ch School U15"]
[Site "Medellin"]
[Date "2019.11.12"]
[Round "2"]
[White "Lyon Martinez, Juan Pablo"]
[Black "Ramirez Ramirez, Anderson"]
[Result "1-0"]
[WhiteElo "1804"]
[BlackElo "1541"]
[PlyCount "41"]
[EventDate "2019.11.12"]
[EventType "swiss"]
[EventRounds "9"]
[EventCountry "COL"]
[SourceTitle "CBM 193 Extra"]
[Source "ChessBase"]
[SourceDate "2020.01.31"]
[SourceVersion "1"]
[SourceVersionDate "2020.01.31"]
[SourceQuality "1"]

1. e4 c5 2. c3 Nf6 3. e5 Nd5 4. d4 cxd4 5. Qxd4 e6 6. Nf3 Nc6 7. Qe4 d6 8. Bb5 Bd7 9. c4 Nc7 10. Nc3 a6 11. Ba4 Rb8 12. Bf4 dxe5 13. Nxe5 Nxe5 14. Qxe5 Bxa4 15. Nxa4 Bb4+ 16. Nc3 Rc8 17. Qxg7 Rf8 18. 0-0 b5 19. Ne4 bxc4 20. Nf6+ Ke7 21. Rfd1 1-0